| 000 | 00552nam a2200157 i 4500 | ||
|---|---|---|---|
| 001 | 28501 | ||
| 003 | ES-MaACL | ||
| 005 | 20230906153851.0 | ||
| 007 | t| | ||
| 008 | 030117s1982 sp ||||1| spa d | ||
| 100 | 1 |
_aBaez San José, Valerio. _924611 |
|
| 245 | 1 | 0 |
_aComentarios sobre comportamiento verbal y obra literaria desde un punto de vista freudiano _b: discurso apertura del curso académico 1982-83 / _cValerio Baez San José. |
| 260 |
_aCádiz : _bUniversidad, _c1982. |
||
| 300 |
_a44 p. ; _c24 cm. |
||
| 852 |
_aES-MaACL _j2119-F-22 _bR.104132 |
||
| 999 |
_c28501 _d28501 |
||